000
00273nam a2200097Ia 4500
008
180205s9999 xx 000 0 und d
100
_a
Payawal, Pacifico, C.
245
_a
Biology /
260
_a
Manila, Philippines
_b
Academe publishing house
_c
1992
300
_a
iii, 636 pages
999
_c
354859
_d
354859